70 książek, które musisz przeczytać - Statystyki

Ogólne statystyki
  • Ten quiz został rozwiązany 400 razy
  • Średni wynik to 22 z 69
Statystyki odpowiedzi
Autor Tytuł % Poprawnych
Adam Mickiewicz Pan Tadeusz
91%
Antoine de Saint-Exupery Mały Książę
87%
Bolesław Prus Lalka
84%
J.R.R. Tolkien Hobbit
83%
J.K. Rowling Harry Potter
82%
J.R.R. Tolkien Władca Pierścieni
74%
Michaił Bułhakow Mistrz i Małgorzata
71%
Charles Dickens Opowieść wigilijna
69%
Władysław Stanisław Reymont Chłopi
66%
Franz Kafka Proces
63%
Stefan Żeromski Przedwiośnie
62%
Fiodor Dostojewski Zbrodnia i Kara
62%
Hans Christian Andersen Baśnie Andersena
61%
William Shakespeare Hamlet
61%
Albert Camus Dżuma
60%
Lucy Maud Montgomery Ania z Zielonego Wzgórza
59%
C.S Lewis Opowieści z Narni
56%
Jane Austen Duma i uprzedzenie
50%
Dante Alighieri Boska Komedia
49%
Astrid Lindgren Dzieci z Bullerbyn
49%
Lew Tołstoj Anna Karenina
46%
Joseph Conrad Jądro Ciemności
46%
Vladimir Nabokov Lolita
46%
Alan Alexander Milne Kubuś Puchatek
40%
Emily Jane Bronte Wichrowe Wzgórza
37%
Aleksander Dumas Trzej muszkieterowie
35%
Lewis Carroll Alicja W Krainie Czarów
34%
Gabriel Garcia Marquez Sto lat samotności
34%
Arthur Conan Doyle Sherlock Holmes
33%
Jerome David Salinger Buszujący w zbożu
31%
Jane Austen Rozważna i romantyczna
30%
Nelle Harper Lee Zabić drozda
30%
Carlos Ruiz Zafon Cień wiatru
27%
Francis Scott Fitzgerald Wielki Gatsby
27%
Louisa May Alcott Małe kobietki
26%
Dan Brown Kod Leonarda da Vinci
25%
Aldous Huxley Nowy wspaniały świat
24%
Frances Hodgson Burnett Tajemniczy ogród
24%
Bram Stoker Dracula
22%
Gabriel Garcia Marquez Miłość w czasach zarazy
22%
Witold Gombrowicz Trans-Atlantyk
21%
Gustave Flaubert Pani Bovary
20%
Leopold Tyrmand Zły
20%
Autor nieznany Biblia
19%
John Steinbeck Myszy i ludzie
19%
Erich Maria Remarque Łuk triumfalny
18%
Stieg Larsson Mężczyźni, którzy nienawidzą kobiet
18%
Joseph Conrad Lord Jim
16%
Charlotte Bronte Jane Eyre
14%
Ken Kesey Lot nad kukułczym gniazdem
13%
William Golding Władca much
13%
Charles Dickens David Copperfield
12%
William Wharton Ptasiek
12%
Emil Zola Germinal
9%
Jack Kerouac W drodze
7%
Yann Martel Życie Pi
7%
Kazuo Ishiguro Okruchy dnia
6%
Helen Fielding Dziennik Bridget Jones
4%
Ian McEwan Pokuta
4%
Richard Adams Wodnikowe Wzgórze
3%
David Mitchell Atlas Chmur
2%
Arthur Golden Wyznania gejszy
2%
Audrey Niffenegger Żona podróżnika w czasie
2%
Alice Walker Kolor purpury
1%
John Irwing Modlitwa za Owena
1%
Kenneth Grahame O czym szumią wierzby
1%
Mitch Albom Pięć osób które spotykamy w niebie
1%
Douglas Adams Autostopem prez galaktykę
0%
Joan Delano Aiken Pokój pełen liści
0%
Nie znaleziono quizów pasujących do podanych kryteriów
Rozkład punktacji
Procent ludzi z każdym wynikiem
Percentyl według liczby udzielonych odpowiedzi
Twoja historia wyników
Nie rozwiązałeś tego quizu